000 00291nam a2200121Ia 4500
008 191201s2015 xx 000 0 und d
100 _aKANI,A.Nagoor
245 0 _a8085 Microprocessor and its Application
260 _bTMH
_c2015
300 _aMISC
650 _aB.Tech(CSE)
942 _2ddc
_cBK
999 _c6855
_d6855